01135nab a22002297a 4500999001500000003000400015005001700019008004100036040000700077100003200084245012200116260007300238300001500311500002700326505021600353505008200569650002300651650003400674650002900708773015500737942001300892 c5542d5542OSt20251215152948.0190429b xxu||||| |||| 00| 0 spa d cPJ 96523aGarcía Rivas, Diego13aLa imputación subjetiva a los intervinientes en el art. 13 del Régimen Penal Tributario /cDiego García Rivas. cCiudad Autónoma de Buenos Aires :aThomson Reuters La Ley, b2025. ap. 171-188 aCita: AR/DOC/173/2025. aSumario: I. Introducción.— II. El ineludible dolo.— III. El dolo de omisión.— IV. Acerca de "no pudo no saber".— V. Las obligaciones de saber.— V. Dolo sin conocimiento.— VI. Balance y propuesta. tSi te interesa el texto completo, solicitalo a koha@justierradelfuego.gov.ar  09343aDERECHO PENAL 09705aREGIMEN PENAL TRIBUTARIO 09706aDELITOS TRIBUTARIOS0 0265893164tRevista de derecho penal y criminología. Nº 2 - Marzo 2025dCiudad Autónoma de Buenos Aires : Thomson Reuters La Ley, 2017-x00347914 2udccANA